Suzuki violin school: piano accompaniments

Saved in:
Bibliografiske detaljer
Hovedforfatter: Suzuki, Shinichi (Author)
Format: Bog
Sprog:engelsk
Udgivet: Miami Suummy-Birchard 1970
Fag:
Tags: Tilføj Tag
Ingen Tags, Vær først til at tagge denne postø!

MARC

LEADER 00000nam a2200000 a 4500
001 UCR5500
003 CL-VaPUC
005 20250321150254.0
008 980327e19700000US |||||||||||||||||eng|d
999 |c 268084  |d 268082 
040 |c Pontificia Universidad Católica de Valparaíso 
082 0 4 |a Vn787.2193 SUZ 1970  |2 21 
100 0 |a Suzuki, Shinichi  |e author  |9 406459 
245 1 0 |a Suzuki violin school: piano accompaniments 
260 |a Miami  |b Suummy-Birchard  |c 1970 
300 |a v 
583 |a last modification  |c 19980327 00:00:00  |k Rodrigo Vera 
650 0 |a Violín y piano  |x Estudio e intrucción  |9 406460 
650 0 |a Violín y piano  |v Partituras  |9 406461 
650 0 |a Música para violín y piano  |9 406462 
942 |c BK  |2 ddc 
945 |d 19980327 00:00:00  |a rleighto 
952 |0 0  |1 0  |4 0  |6 VN_787_219300000000000_SUZ_1970  |7 0  |8 X  |9 300993  |a BIBEDU  |b BIBEDU  |c REST  |d 2019-11-20  |h v.1  |i 3408183  |o Vn787.2193 SUZ 1970  |p 3408183  |r 2023-01-12  |w 2019-11-20  |y PA  |k MUS 
952 |0 0  |1 0  |4 0  |6 VN_787_219300000000000_SUZ_1970  |7 0  |8 X  |9 300994  |a BIBEDU  |b BIBEDU  |c REST  |d 2019-11-20  |h v.2  |i 3408353  |o Vn787.2193 SUZ 1970  |p 3408353  |r 2023-01-12  |w 2019-11-20  |y PA  |k MUS 
952 |0 0  |1 0  |4 0  |6 VN_787_219300000000000_SUZ_1970  |7 0  |8 X  |9 300995  |a BIBEDU  |b BIBEDU  |c REST  |d 2019-11-20  |h v.3  |i 3408361  |l 1  |o Vn787.2193 SUZ 1970  |p 3408361  |r 2025-03-21  |s 2025-03-21  |w 2019-11-20  |y PA  |k MUS 
952 |0 0  |1 0  |4 0  |6 VN_787_219300000000000_SUZ_1970  |7 0  |8 X  |9 300996  |a BIBEDU  |b BIBEDU  |c REST  |d 2019-11-20  |h v.4  |i 340837K  |o Vn787.2193 SUZ 1970  |p 340837K  |r 2023-01-12  |w 2019-11-20  |y PA  |k MUS 
952 |0 0  |1 0  |4 0  |6 VN_787_219300000000000_SUZ_1970  |7 0  |8 X  |9 300997  |a BIBEDU  |b BIBEDU  |c REST  |d 2019-11-20  |h v.5  |i 3408388  |o Vn787.2193 SUZ 1970  |p 3408388  |r 2023-01-12  |w 2019-11-20  |y PA  |k MUS